000
00249 a2200109 4500
001
81511
082
_a
516.15 SIN
090
_c
39752
_d
39752
100
_a
Singh Shalini
245
_a
Three dimensional Geometry
260
_a
ND
_b
Sarup & sons
_c
2000
942
_a
NUST-CAE
_k
516.15 SIN
999
_c
316584
_d
316584